BUBT Library Online Catalog

আমি বীরাঙ্গনা বলছি / (Record no. 5999)

000 -LEADER
fixed length control field 00652nam a22001817a 4500
003 - CONTROL NUMBER IDENTIFIER
control field BUBTL
008 - FIXED-LENGTH DATA ELEMENTS--GENERAL INFORMATION
fixed length control field 190428b xxu||||| |||| 00| 0 eng d
020 ## - INTERNATIONAL STANDARD BOOK NUMBER
International Standard Book Number 978-984-84160-8-2
082 ## - DEWEY DECIMAL CLASSIFICATION NUMBER
Classification number 954.92 / IBA
100 ## - MAIN ENTRY--PERSONAL NAME
9 (RLIN) 2302
Personal name ইব্রাহিম, নীলিমা
245 ## - TITLE STATEMENT
Title আমি বীরাঙ্গনা বলছি /
Statement of responsibility, etc. নীলিমা ইব্রাহিম
260 ## - PUBLICATION, DISTRIBUTION, ETC. (IMPRINT)
Place of publication, distribution, etc. ঢাকা :
Name of publisher, distributor, etc. জাগৃতি প্রকাশনী,
Date of publication, distribution, etc. c1998
300 ## - PHYSICAL DESCRIPTION
Extent 160 p. :
Dimensions 21 cm.
650 #0 - SUBJECT ADDED ENTRY--TOPICAL TERM
9 (RLIN) 1755
Topical term or geographic name as entry element মুক্তিযুদ্ধ
856 ## - ELECTRONIC LOCATION AND ACCESS
Password 0
Logon 0
Link text Download
942 ## - ADDED ENTRY ELEMENTS (KOHA)
Source of classification or shelving scheme
Koha item type Books
Holdings
Withdrawn status Lost status Source of classification or shelving scheme Damaged status Not for loan Collection code Permanent location Current location Shelving location Date acquired Inventory number Total Checkouts Total Renewals Full call number Barcode Date last seen Date last checked out Copy number Price effective from Koha item type
          Fiction Bangladesh University of Business and Technology Library Bangladesh University of Business and Technology Library Fiction 10/23/2016 22652 2 4 954.92 / IBA BUBTL-200322652 03/28/2021 02/08/2020 C-1 04/28/2019 Books
          Fiction Bangladesh University of Business and Technology Library Bangladesh University of Business and Technology Library Fiction 02/03/2015 20082 4   954.92 / IBA BUBTL-200320082 01/23/2024 01/16/2024 C-2 04/28/2019 Books
          Non-fiction Bangladesh University of Business and Technology Library Bangladesh University of Business and Technology Library Fiction 10/23/2016 22651 1   954.92 / IBA BUBTL-200322651 11/08/2019 11/08/2019 C-3 10/20/2019 Books

More Information About Library

Library Hours

  • Open: 9.00 am. to 9.00 pm.
  • Only Sunday: 9.00 am. to 6.00 pm.
  • Closed: Holiday

Contact to the University

Bangladesh University of Business and Technology Library

  • Mirpurl-2, 1216.
  • Phone:
  • Fax:
  • E-Mail: admin.library@bubt.edu.bd

Contact to the Library

Contact Person:

Md. Abdul Hakim Shah
Joint Librarian
PABX No:  113
Cell No: 01816332931
E-mail: official: admin.library@bubt.edu.bd
Personal: hakim.shah@bubt.edu.bd


BUBT Library

Copyright © 2021